Spanish 5000 #22 - Nouns (Feminine, Cognates, Expert) - Statistics

General Stats
  • This quiz has been taken 33 times
  • The average score is 135 of 247
Answer Stats
English Spanish % Correct
academy academia
88%
adaptation adaptación
88%
admiration admiración
88%
adoption adopción
88%
antenna antena
88%
articulation, joint articulación
88%
bay bahía
88%
cathedral catedral
88%
collaboration colaboración
88%
complication complicación
88%
communion comunión
88%
consultation, advice consulta
88%
controversy controversia
88%
corporation corporación
88%
corruption corrupción
88%
declaration, statement declaración
88%
delegation delegación
88%
dynamics dinámica
88%
dynasty dinastía
88%
distinction distinción
88%
documentation documentación
88%
edition, publication edición
88%
elegance, style elegancia
88%
fiction ficción
88%
liberation liberación
88%
publication publicación
88%
theory teoría
88%
tragedy tragedia
88%
abundance abundancia
75%
administration administración
75%
avenue avenida
75%
ceramics, pottery cerámica
75%
coalition coalición
75%
commission, committee comisión
75%
congregation congregación
75%
conservation conservación
75%
continuation, follow-up continuación
75%
diabetes diabetes
75%
discrimination discriminación
75%
disposal, disposition disposición
75%
dose dosis
75%
embassy embajada
75%
ethics ética
75%
evolution, development evolución
75%
excursion excursión
75%
exhibition, showing exhibición
75%
expansion, spreading expansión
75%
expedition expedición
75%
extinction extinción
75%
fusion, union fusión
75%
gala (performance/dinner) gala
75%
gallery, balcony galería
75%
illusion, hope, dream ilusión
75%
innocence inocencia
75%
inspiration, inhalation inspiración
75%
interpretation, interpreting interpretación
75%
irony ironía
75%
melody melodía
75%
methodology, method metodología
75%
migration migración
75%
obligation obligación
75%
precision precisión
75%
presidency presidencia
75%
proportion proporción
75%
reference, allusion referencia
75%
resolution resolución
75%
restriction restricción
75%
security, safety seguridad
75%
sensation, feeling sensación
75%
theology teología
75%
tolerance tolerancia
75%
urgency urgencia
75%
variant, difference variante
75%
virgin virgen
75%
accusation, charge acusación
63%
adolescence adolescencia
63%
anecdote anécdota
63%
breeze, air brisa
63%
campaign campaña
63%
characteristic, aspect característica
63%
cell (biology) célula
63%
certainty certeza
63%
awarding, concession concesión
63%
console consola
63%
constitution constitución
63%
curiosity, quaintness curiosidad
63%
petition, request, demand demanda
63%
doctrine, teachings doctrina
63%
broadcast, emission emisión
63%
essence esencia
63%
explosion explosión
63%
faith fe
63%
fury, rage furia
63%
illumination, lighting iluminación
63%
opening, inauguration inauguración
63%
indifference indiferencia
63%
industry, factory industria
63%
inflation inflación
63%
innovation innovación
63%
inscription, registration inscripción
63%
insecurity inseguridad
63%
installation, facilities instalación
63%
invasion invasión
63%
invention, contrivance invención
63%
irregularity irregularidad
63%
lagoon laguna
63%
magnitude, extent magnitud
63%
mask máscara
63%
medal, medallion medalla
63%
meditation meditación
63%
perspective perspectiva
63%
pressure presión
63%
priority prioridad
63%
procession procesión
63%
proximity proximidad
63%
chemistry, chemist química
63%
radiation radiación
63%
reception, waiting room recepción
63%
reform, improvement reforma
63%
repression represión
63%
reproduction reproducción
63%
resurrection resurrección
63%
separation separación
63%
sympathy, affinity simpatía
63%
siren, mermaid sirena
63%
suspension suspensión
63%
tension, stress, strain tensión
63%
attendance, assistance asistencia
50%
candidacy candidatura
50%
chapel capilla
50%
catastrophe catástrofe
50%
censorship, criticism censura
50%
chimney, fireplace chimenea
50%
complexity complejidad
50%
involvement, complicity complicidad
50%
correspondence, connection correspondencia
50%
criticism, critique crítica
50%
quota, share, dues cuota
50%
envy envidia
50%
scale, ladder, rank escala
50%
sculpture, carving escultura
50%
kind, sort, species especie
50%
speculation, conjecture especulación
50%
thorn, spine espina
50%
label, etiquette etiqueta
50%
fatigue fatiga
50%
firmness firmeza
50%
frequency frecuencia
50%
guerrilla guerrilla
50%
impunity impunidad
50%
initiative iniciativa
50%
injustice injusticia
50%
jurisdiction jurisdicción
50%
handling, manipulation manipulación
50%
mechanics, mechanism mecánica
50%
melancholy, depression melancolía
50%
mode, manner, modality modalidad
50%
molecule molécula
50%
orbit, socket, field órbita
50%
pretension, claim, aspiration pretensión
50%
prohibition prohibición
50%
advertising, propaganda propaganda
50%
prose prosa
50%
psychology psicología
50%
sanction, approval, penalty sanción
50%
satisfaction satisfacción
50%
technique, skill técnica
50%
tendency, style tendencia
50%
trajectory, path trayectoria
50%
vaccine, vaccination vacuna
50%
road, way, por v.: by means, via vía
50%
acceptance, approval aceptación
38%
acquisition adquisición
38%
antiquity, seniority antigüedad
38%
coverage cobertura
38%
account, chronicle crónica
38%
disappearance desaparición
38%
desperation, exasperation desesperación
38%
dictatorship dictadura
38%
specialty, specialized field especialidad
38%
aesthetics estética
38%
stupidity, stupid thing estupidez
38%
faithfulness, accuracy, fidelity fidelidad
38%
grease, fat grasa
38%
import, importation importación
38%
infrastructure infraestructura
38%
investment, outlay inversión
38%
goods, merchandise mercancía
38%
(religious) Mass misa
38%
monarchy, monarquía
38%
particle partícula
38%
peseta (money) peseta
38%
poetry, poem poesía
38%
polemics, argument polémica
38%
press prensa
38%
depth, profundity profundidad
38%
recovery, recuperation recuperación
38%
adjustment, regulation regulación
38%
riches, wealth riqueza
38%
synthesis síntesis
38%
sovereignty soberanía
38%
rate, tariff tarifa
38%
whole, totality totalidad
38%
troops, forces tropa
38%
virtue, quality virtud
38%
anguish, distress angustia
25%
appearance, apparition aparición
25%
assembly asamblea
25%
caress, stroke caricia
25%
cell celda
25%
cave cueva
25%
cupola, dome cúpula
25%
unloading, discharge descarga
25%
efficiency, effectiveness eficacia
25%
ship, embarkation embarcación
25%
façade, front of building fachada
25%
financing, funding financiación
25%
strip, stripe, fringe franja
25%
seriousness, gravity gravedad
25%
hectare hectárea
25%
engineering ingeniería
25%
maneuver, operation maniobra
25%
machinery maquinaria
25%
mining minería
25%
nature, character naturaleza
25%
parish parroquia
25%
pursuit, persecution persecución
25%
purity, chastity pureza
25%
silhouette, outline silueta
25%
treason, betrayal traición
25%
vanguard, forefront vanguardia
25%
vote, voting votación
25%
decline, decay decadencia
13%
stay, stance, ranch estancia
13%
exploitation, cultivation explotación
13%
(face) feature, faction facción
13%
fleet flota
13%
favor, mercy merced
13%
rein, restraint rienda
13%
ton tonelada
13%
transcendent nature, significance trascendencia
13%
assessment, valuation, evaluation valoración
13%
expectation, hope, prospect expectativa
0%
hierarchy, rank jerarquía
0%
pity, mercy piedad
0%
problems, difficulties problemática
0%
review, outline reseña
0%
No matching quizzes found
Score Distribution
Percent of People with Each Score
Percentile by Number Answered
Your Score History
You have not taken this quiz